[Event "BL2-SW8788"]
[Site "Germany"]
[Date "1988.??.??"]
[Round "?"]
[White "Werner, Clemens"]
[Black "Huisl, Wolfgang"]
[Result "1/2-1/2"]
[WhiteElo "2255"]
[BlackElo "2320"]

1.e4 g6 2.d4 Bg7 3.Nc3 c6 4.Bc4 b5 5.Bb3 d6 6.Nf3 a6 7.O-O e6 8.Bg5 Ne7 9.e5 d5
10.Ne2 a5 11.c3 Nd7 12.Re1 Ba6 13.Ng3 h6 14.Bf4 c5 15.dxc5 Nxc5 16.Bc2 Nc6
17.Nd4 Qb6 18.Qg4 h5 19.Qh4 Nxd4 20.cxd4 Na4  1/2-1/2

[Event "Groningen op"]
[Site "Groningen"]
[Date "1988.??.??"]
[Round "?"]
[White "Kuijf, Marinus"]
[Black "Hickl, Joerg"]
[Result "0-1"]
[WhiteElo "2420"]
[BlackElo "2485"]

1.e4 g6 2.d4 Bg7 3.Nc3 c6 4.Bc4 b5 5.Bb3 a5 6.a3 d6 7.Nf3 Ba6 8.Be3 e6 9.d5 cxd5
10.Nxd5 Nd7 11.Bd4 Ngf6 12.Nxf6+ Nxf6 13.O-O O-O 14.Re1 Qe7 15.Bc3 a4 16.Ba2 Qb7
17.Nd2 Rac8 18.Qf3 Nd7 19.Bxg7 Kxg7 20.c3 Qb6 21.Re3 Rc5 22.Qf4 Nf6 23.Rd1 Nh5
24.Qh4 Qd8 25.Qxd8 Rxd8 26.Nf3 Bb7 27.Nd4 Kf6 28.Rf3+ Ke7 29.Rxf7+ Kxf7 30.Nxe6 Ke7
31.Nxd8 Kxd8 32.Rxd6+ Kc7 33.Rd4 Nf4 34.Kf1 Ba6 35.g3 b4+ 36.c4 b3 37.Bb1 Rxc4
38.Rxc4+ Bxc4+ 39.Ke1 Bd3 40.gxf4 Bxb1 41.f3 Kc6 42.Kf2 Kc5 43.Kg3 Kd4 44.Kg4 Bxe4  0-1

[Event "Groningen op"]
[Site "Groningen"]
[Date "1988.??.??"]
[Round "?"]
[White "Van de Oudeweetering, Arthur"]
[Black "Gutman, Lev"]
[Result "1-0"]
[WhiteElo "2310"]
[BlackElo "2465"]

1.e4 g6 2.d4 Bg7 3.Nc3 c6 4.f4 d5 5.e5 Nh6 6.Nf3 O-O 7.Bd3 Na6 8.a3 b6 9.Ne2 c5
10.c3 c4 11.Bc2 Nb8 12.O-O Nc6 13.Ng3 Nf5 14.Qe1 e6 15.Nxf5 exf5 16.Be3 Rb8
17.Bf2 b5 18.Bh4 Qc7 19.Bf6 Re8 20.Qh4 Rb6 21.Bxg7 Kxg7 22.g4 fxg4 23.f5 gxf3
24.f6+ Kh8 25.Rxf3 Nxe5 26.Re3 Rbe6 27.dxe5 Qc5 28.Re1 Kg8 29.Kf1 Qf8 30.Bf5 Rc6
31.Bxc8 Rcxc8 32.Rh3 h6 33.Qf4 Kh7 34.Ree3 h5 35.Reg3 Qh6 36.Rg5  1-0

[Event "FRG-chT (Women)"]
[Site "Hamburg"]
[Date "1988.??.??"]
[Round "?"]
[White "Gruenberg, Regina"]
[Black "Fischdick, Gisela"]
[Result "1/2-1/2"]
[WhiteElo "2140"]
[BlackElo "2305"]

1.e4 g6 2.d4 Bg7 3.Nc3 c6 4.Nf3 d6 5.Be2 Nf6 6.O-O O-O 7.Bg5 Qc7 8.Re1 e5
9.dxe5 dxe5 10.Qc1 Nbd7 11.a4 Nc5 12.Bc4 Ne6 13.Bxe6 Bxe6 14.Bh6 Bg4 15.Bxg7 Kxg7
16.Qe3 Rfd8 17.Rad1 Bxf3 18.Qxf3 Qb6 19.b3 Qc5 20.h3 h5 21.Rd3 Rxd3 22.Qxd3  1/2-1/2

[Event "IND-ch"]
[Site "?"]
[Date "1988.??.??"]
[Round "?"]
[White "Prasad, Devaki V"]
[Black "Mishra, Neeraj Kumar"]
[Result "1/2-1/2"]
[WhiteElo "2405"]
[BlackElo "2335"]

1.e4 g6 2.d4 Bg7 3.Nc3 c6 4.Be3 d6 5.Qd2 Nd7 6.f4 Ngf6 7.Nf3 O-O 8.h3 Nh5
9.Bd3 Ng3 10.Rg1 e5 11.O-O-O exd4 12.Nxd4 Nf6 13.Qf2 Nfh5 14.Kb1 c5 15.Nde2 Nxe2
16.Nxe2 Be6 17.f5 c4 18.fxe6 cxd3 19.Rxd3 fxe6 20.Qe1 Be5 21.g4 Nf6 22.Bd4 Nd7
23.Qc3  1/2-1/2

[Event "Kobanya op"]
[Site "Kobanya"]
[Date "1988.??.??"]
[Round "?"]
[White "Bichsel, Walter"]
[Black "Varasdy, Imre"]
[Result "1/2-1/2"]
[WhiteElo "2315"]
[BlackElo "2350"]

1.e4 g6 2.d4 Bg7 3.Nc3 c6 4.Nf3 d6 5.h3 Nf6 6.Bg5 Qa5 7.Bd3 Nbd7 8.O-O O-O
9.Qd2 e5 10.dxe5 dxe5 11.Rad1 Re8 12.a3 Qc7 13.Bc4 b5 14.Ba2 a5 15.Bxf6 Bxf6
16.Ng5 Bxg5 17.Qxg5 b4 18.f4 bxc3 19.f5 Nf8 20.fxg6 hxg6 21.Bxf7+ Qxf7 22.Rxf7 Kxf7
23.Rf1+ Kg8 24.Rxf8+ Kxf8 25.Qf6+ Kg8 26.Qxg6+ Kf8 27.Qf6+ Kg8  1/2-1/2

[Event "Montpellier"]
[Site "Montpellier"]
[Date "1988.??.??"]
[Round "10"]
[White "Hebden, Mark"]
[Black "Vaisman, Volodia"]
[Result "1-0"]
[WhiteElo "2475"]
[BlackElo "2395"]

1.e4 g6 2.d4 Bg7 3.Nc3 c6 4.Bc4 b5 5.Bb3 b4 6.Nce2 Nf6 7.e5 Nd5 8.Nf4 e6
9.Nf3 a5 10.Nd3 Na6 11.h4 h6 12.a3 Bb7 13.Nd2 d6 14.Ne4 dxe5 15.dxe5 O-O
16.h5 a4 17.Bxa4 Nb6 18.Qg4 Nxa4 19.hxg6 fxg6 20.Qxe6+ Rf7 21.Nd6 Qe7 22.Qxg6 N4c5
23.Nxf7 Qxf7 24.Rxh6 Qxg6 25.Rxg6 Kf7 26.Rd6 Nxd3+ 27.cxd3 Nc5 28.Be3 Nb3
29.Rd1 Bc8 30.axb4 Bxe5 31.Rxc6 Bb7 32.Rc2 Na1 33.Re2 Bd6 34.Bc5 Bxc5 35.bxc5 Bxg2
36.f3 Bh3 37.b4 Bd7 38.d4 Bb5 39.Rb2 Ra3 40.Kf2 Ba4 41.Rdd2 Bb3 42.d5 Ke8
43.Rd3  1-0

[Event "Montpellier"]
[Site "Montpellier"]
[Date "1988.??.??"]
[Round "14"]
[White "Bricard, Emmanuel"]
[Black "Weill, Roland"]
[Result "1-0"]
[WhiteElo "2365"]
[BlackElo "2265"]

1.e4 g6 2.d4 Bg7 3.Nc3 c6 4.f4 d6 5.Be3 Nh6 6.h3 f5 7.e5 Be6 8.Nf3 Nf7 9.Bd3 Na6
10.a3 Nc7 11.Qe2 Qd7 12.Rg1 O-O 13.Kf2 g5 14.g3 c5 15.exd6 cxd4 16.Bxd4 Qxd6
17.Bxg7 Kxg7 18.Qe3 Rad8 19.Rad1 Qb6 20.Qxb6 axb6 21.fxg5 Nd5 22.Rde1 Nxc3
23.Rxe6 Ne4+ 24.Kg2 Nfxg5 25.Nxg5 Nxg5 26.Rxe7+ Rf7 27.Rxf7+ Kxf7 28.Rf1  1-0

[Event "Novi Sad op"]
[Site "Novi Sad"]
[Date "1988.??.??"]
[Round "5"]
[White "Zlochevskij, Alexander"]
[Black "Petakov, Uros"]
[Result "1-0"]
[WhiteElo "2340"]
[BlackElo "2230"]

1.d4 g6 2.e4 Bg7 3.Nc3 c6 4.Bc4 d6 5.Qf3 e6 6.Nge2 d5 7.Bd3 f5 8.exf5 exf5
9.h4 Nh6 10.Bg5 Qd7 11.Qe3+ Kf7 12.Bxh6  1-0

[Event "Novi Sad op"]
[Site "Novi Sad"]
[Date "1988.??.??"]
[Round "10"]
[White "Dvoirys, Semen I"]
[Black "Zilberman, Nathan R"]
[Result "1-0"]
[WhiteElo "2440"]
[BlackElo "2420"]

1.e4 g6 2.d4 Bg7 3.Nc3 c6 4.Nf3 d5 5.exd5 cxd5 6.Bf4 Nf6 7.Ne5 O-O 8.Be2 Nc6
9.O-O e6 10.Nxc6 bxc6 11.Na4 Qa5 12.c3 Ba6 13.Nc5 Bxe2 14.Qxe2 Rfe8 15.b4 Qd8
16.Qa6 Nh5 17.Be3 Qc7 18.b5 cxb5 19.Qxb5 Bf8 20.Rab1 Bd6 21.h3 Nf6 22.Qa4 Bxc5
23.dxc5 Ne4 24.Qd4 Red8 25.Rb5 e5 26.Qb4 Rd7 27.Rb1 Kg7 28.Qa3 Rad8 29.Qc1 h5
30.Rb7 Qc6 31.Rxd7 Rxd7 32.Bh6+ Kh7 33.Bf8 g5 34.f3 Rd8 35.fxe4 Rxf8 36.Qxg5 dxe4
37.Qxh5+ Kg8 38.Qxe5 f6 39.Qf5 Kg7 40.Rd1 Rf7 41.Rd8  1-0

[Event "Schoeneck op"]
[Site "Schoeneck"]
[Date "1988.??.??"]
[Round "4"]
[White "Koch, Jean Rene"]
[Black "Schneider, B."]
[Result "1/2-1/2"]
[WhiteElo "2420"]
[BlackElo "2365"]

1.e4 g6 2.d4 Bg7 3.Nc3 c6 4.Nf3 d5 5.h3 Nh6 6.Be3 f6 7.Qd2 Nf7 8.O-O-O O-O
9.g4 Be6 10.Bd3 Nd7 11.Rhe1 Nb6 12.Bf4 dxe4 13.Bxe4 Qd7 14.Qe3 Nd5 15.Nxd5 Bxd5
16.Kb1 Rfe8 17.Qd3 b5 18.Re3 Rad8  1/2-1/2

[Event "Schoeneck op"]
[Site "Schoeneck"]
[Date "1988.??.??"]
[Round "11"]
[White "Kosten, Anthony C"]
[Black "Schneider, B."]
[Result "1/2-1/2"]
[WhiteElo "2510"]
[BlackElo "2365"]

1.e4 g6 2.d4 Bg7 3.Nc3 c6 4.Nf3 d5 5.h3 Nf6 6.Bd3 O-O 7.O-O dxe4 8.Nxe4 Nxe4
9.Bxe4 Nd7 10.Bg5 h6 11.Bf4 c5 12.c3 cxd4 13.cxd4 Nf6 14.Bc2 Be6 15.Qd2 Bd5
16.Ne5 Kh7 17.Rfe1 Rc8 18.Rac1 Qb6 19.b3 Be6 20.Nc4 Qa6 21.Bd3 b5 22.Ne3 Qb7
23.Rc5 Rxc5 24.dxc5 b4 25.Be5 Rc8 26.Qc2 Qc6 27.Rc1 Nd7 28.Bxg7 Kxg7 29.Qd2 a5  1/2-1/2

[Event "URS Cup rapid"]
[Site "Tallinn"]
[Date "1988.??.??"]
[Round "7"]
[White "Malaniuk, Vladimir P"]
[Black "Kanstler, Boris"]
[Result "1-0"]
[WhiteElo "2515"]
[BlackElo "2430"]

1.e4 g6 2.d4 Bg7 3.Nc3 c6 4.f4 d5 5.e5 Nh6 6.Nf3 O-O 7.Bd3 f6 8.O-O Bg4 9.h3 Bxf3
10.Rxf3 fxe5 11.fxe5 Rxf3 12.Qxf3 e6 13.Ne2 Nd7 14.c4 Qe7 15.cxd5 exd5 16.Qg3 c5
17.Bg5 Qe8 18.Re1 cxd4 19.Bxh6 Bxh6 20.Nxd4 Bg7 21.Qf3 Nxe5 22.Qxd5+ Kh8
23.Bb5 Qe7 24.Ne6 Nf7 25.Re2 Bf6 26.Ng5 Ne5 27.Rxe5 Bxe5 28.Nf7+  1-0

[Event "Thessaloniki ol (Women)"]
[Site "Thessaloniki"]
[Date "1988.??.??"]
[Round "?"]
[White "Unni, Vasanti"]
[Black "Fischdick, Gisela"]
[Result "1/2-1/2"]
[WhiteElo "2060"]
[BlackElo "2305"]

1.e4 g6 2.d4 Bg7 3.Nc3 c6 4.Nf3 d6 5.Be2 Nf6 6.O-O O-O 7.h3 Nbd7 8.e5 Ne8
9.e6 fxe6 10.Ng5 Ndf6 11.Bc4 d5 12.Bd3 Qb6 13.Re1 Qxd4 14.Nxe6 Bxe6 15.Rxe6 Rf7
16.Qe1 Bf8 17.Ne2 Qb6 18.Bf4 Ng7 19.Re3 Nd7 20.c3 e5 21.Bxe5 Nxe5 22.Rxe5 Bd6
23.Re3 Raf8 24.Nd4 Rxf2 25.b3 Bc5 26.Qxf2 Rxf2 27.Kxf2 Bxd4 28.cxd4 Qxd4
29.Re1 Nh5 30.g3 Kg7 31.Kg2 Kh6 32.Bb1 a5 33.R1e2 a4 34.Kh2 axb3 35.axb3 Qb4
36.Rf2 c5 37.Ref3 c4 38.g4 Ng7 39.bxc4 Qxb1 40.cxd5 Qe4  1/2-1/2

[Event "Thessaloniki ol (Men)"]
[Site "Thessaloniki"]
[Date "1988.??.??"]
[Round "1"]
[White "Suzuki, Tomomichi"]
[Black "Gausel, Einar"]
[Result "1/2-1/2"]
[WhiteElo "2200"]
[BlackElo "2410"]

1.e4 g6 2.d4 Bg7 3.Nc3 c6 4.f4 d5 5.e5 h5 6.Nf3 Nh6 7.Bd3 Bf5 8.O-O e6 9.Be3 Nd7
10.Bf2 Bxd3 11.Qxd3 Nf5 12.Ne2 Bf8 13.c3 Be7 14.a4 a5 15.Rfb1 Qc7 16.b4 Nb6
17.b5 c5 18.Rc1 c4 19.Qd2 O-O-O 20.h4 Rdf8 21.Ng5 Nd7 22.g3 Nb6 23.Kg2 Kb8
24.Ng1 Nc8 25.N1f3 b6 26.Re1 Bd8 27.Re2 Nce7 28.Qe1 Nh6 29.Be3 Nef5 30.Bc1 Be7
31.Ba3 Bxa3 32.Rxa3 Ng4 33.Raa2 Re8 34.Nh2  1/2-1/2

[Event "Thessaloniki ol (Men)"]
[Site "Thessaloniki"]
[Date "1988.??.??"]
[Round "4"]
[White "Silva, Fernando"]
[Black "Lim, Jeremy"]
[Result "0-1"]
[WhiteElo "2325"]
[BlackElo "2200"]

1.e4 g6 2.d4 Bg7 3.Nc3 c6 4.Bc4 b5 5.Bb3 b4 6.Na4 d6 7.Qf3 e6 8.Ne2 Ba6 9.Bf4 Nf6
10.O-O-O d5 11.Nc5 Nbd7 12.Bd6 Nxc5 13.Bxc5 Nd7 14.Bxb4 Bxe2 15.Qxe2 a5 16.exd5 cxd5
17.Bd2 O-O 18.c3 Qc7 19.Kb1 a4 20.Bc2 Rfb8 21.Bd3 Rb7 22.Rc1 Rab8 23.Rc2 e5
24.dxe5 Bxe5 25.Rhc1 Nc5 26.Be3 Bg7 27.Bd4 Nb3 28.Re1 Nxd4 29.cxd4 Qb6 30.Ba6 Ra7
31.Bc8 Bxd4 32.b4 Bf6 33.b5 Rc7 34.Rxc7 Qxc7 35.Rc1 Qb6  0-1

[Event "Thessaloniki ol (Men)"]
[Site "Thessaloniki"]
[Date "1988.??.??"]
[Round "5"]
[White "Wittmann, Walter"]
[Black "Kristensen, Leif"]
[Result "1-0"]
[WhiteElo "2400"]
[BlackElo "2300"]

1.e4 g6 2.d4 Bg7 3.Nc3 c6 4.Bc4 b5 5.Bb3 d6 6.Nf3 b4 7.Ne2 Nf6 8.e5 Nd5 9.Nf4 e6
10.O-O Nd7 11.Nd3 dxe5 12.Ndxe5 Nxe5 13.Nxe5 Bb7 14.a3 a5 15.Re1 O-O 16.axb4 axb4
17.Rxa8 Bxa8 18.Qd3 c5 19.dxc5 Qc7 20.Qg3 Rc8 21.Nd3 Qb7 22.Bd2 Nf6 23.f3 Nd5
24.Qg4 Qa7 25.Bxd5 Bxd5 26.Bxb4 Qa2 27.Qf4 e5 28.Qd2 f6 29.Rd1 Bc4 30.b3 Be6
31.Nf2 f5 32.Bc3 Qa7 33.b4 Re8 34.Qd6 Qa3 35.Qd2 Qa7 36.Re1 Bf7 37.Ra1 Qb7
38.Qd6 Qb5 39.Qd3 Bc4 40.Qd2 e4 41.fxe4 fxe4 42.Qe3 Bxc3 43.Qxc3 e3 44.Ng4  1-0

[Event "Thessaloniki ol (Men)"]
[Site "Thessaloniki"]
[Date "1988.??.??"]
[Round "8"]
[White "Antonio, Rogelio Jr"]
[Black "Ravisekhar, Raja"]
[Result "1-0"]
[WhiteElo "2325"]
[BlackElo "2375"]

1.e4 g6 2.d4 Bg7 3.Nc3 c6 4.Bc4 d6 5.Bb3 Nf6 6.a4 O-O 7.Nge2 e5 8.dxe5 dxe5
9.Qxd8 Rxd8 10.f3 Na6 11.Be3 Nc7 12.Kf2 Be6 13.Rhd1 Rxd1 14.Rxd1 Bf8 15.Nc1 Bxb3
16.Nxb3 b6 17.g4 Ne6 18.a5 Rb8 19.g5 Ne8 20.Rd7 N8c7 21.axb6 axb6 22.Nd5 cxd5
23.exd5 b5 24.dxe6 Nxe6 25.Nd2 b4 26.Ne4 Rc8 27.c3 bxc3 28.bxc3 Rb8 29.Nf6+ Kg7
30.Ng4 Rb2+ 31.Ke1 Bc5 32.Bd2 Nf8 33.Rd5 Ne6 34.Nxe5 Rb1+ 35.Ke2 Rb2 36.Nd3 Ra2
37.Rxc5 Nxc5 38.Nxc5 f6 39.h4 fxg5 40.hxg5 Kf7 41.Kd3 Ke7 42.Bf4 Rf2 43.Ke4  1-0

[Event "Thessaloniki ol (Men)"]
[Site "Thessaloniki"]
[Date "1988.??.??"]
[Round "10"]
[White "Gutierrez, Jose Antonio"]
[Black "Belli, Mario"]
[Result "0-1"]
[WhiteElo "2355"]
[BlackElo "2200"]

1.e4 g6 2.d4 Bg7 3.Nc3 c6 4.Nf3 d6 5.h3 Nf6 6.Bd3 O-O 7.O-O Nbd7 8.Bg5 e5
9.dxe5 dxe5 10.Qd2 Qe7 11.Qe3 Re8 12.Rad1 Qf8 13.Qc1 Nc5 14.Rfe1 h6 15.Be3 Nh5
16.Bf1 b5 17.b4 Ne6 18.Ne2 f5 19.c4 fxe4 20.Nd2 Nd4 21.Nxe4 Bf5 22.Nd6 Qxd6
23.Nxd4 exd4 24.g4 Be4 25.gxh5 gxh5 26.Bf4 Qg6+ 27.Kh2 Rf8 28.cxb5 cxb5 29.Rxe4 Qxe4
30.Bg2 Qxf4+ 31.Qxf4 Rxf4 32.Bxa8 Rxf2+ 33.Kg3 Rb2 34.Bd5+ Kh8 35.Rc1 Be5+
36.Kh4 d3 37.Kxh5 Kg7 38.Rg1+ Kf6 39.Rf1+ Ke7 40.Bb3 Rh2 41.Rf7+ Ke8 42.Rf3 d2
43.Kxh6 Ke7 44.Kg5 Rg2+ 45.Kf5 Bd6 46.Re3+ Kd7 47.Rd3 Kc7 48.Rd4 Rg3 49.h4 Bxb4
50.Rxb4 Rxb3 51.Rd4 Rb2 52.h5 Rxa2 53.h6 d1=Q 54.Rxd1 Rh2 55.Kg6 b4 56.h7 a5
57.Rd5 Rxh7 58.Kxh7 Kb6 59.Rd8 a4 60.Ra8 Kb5 61.Kg6 b3 62.Kf5 Kb4 63.Rb8+ Kc3
64.Ra8 b2 65.Rxa4 b1=Q+ 66.Re4 Kd3 67.Re5 Kd4+ 68.Kf6 Qb6+ 69.Re6 Qc7 70.Re7 Qd6+
71.Kf7 Kd5 72.Ke8 Qg6+ 73.Kd7 Qc6+ 74.Kd8 Qa8+ 75.Kd7 Qf8 76.Re8 Qd6+ 77.Kc8 Kc6  0-1

[Event "SVK-ch"]
[Site "Trnava"]
[Date "1988.??.??"]
[Round "8"]
[White "Gazik, Igor"]
[Black "Petran, Peter"]
[Result "0-1"]
[WhiteElo "2420"]
[BlackElo "2335"]

1.e4 c6 2.d4 g6 3.Nc3 Bg7 4.Nf3 d5 5.h3 b5 6.a3 dxe4 7.Nxe4 Nf6 8.Bd3 Nxe4
9.Bxe4 Be6 10.O-O Bd5 11.Re1 Bxe4 12.Rxe4 Nd7 13.Bf4 Nf6 14.Re2 O-O 15.Qd2 a5
16.a4 Nd5 17.Be5 Re8 18.Ra3 Bf8 19.Ra1 Qb6 20.c3 Qd8 21.Qd3 Qd7 22.Nd2 Nb6
23.b3 bxa4 24.bxa4 Bh6 25.c4 f6 26.Bg3 Rad8 27.Nb3 e5 28.Nxa5 Qxd4 29.Qxd4 Rxd4
30.f3 Ra8 31.c5 Rxa4 32.Rb1 Nd5 33.Nxc6 Nc3 34.Reb2 Nxb1 35.Rxb1 Ra1 36.Rxa1 Rxa1+
37.Kh2 Be3  0-1

[Event "Warsaw"]
[Site "Warsaw"]
[Date "1988.??.??"]
[Round "3"]
[White "Adamski, Andrzej"]
[Black "Maciejewski, Andrzej"]
[Result "0-1"]
[WhiteElo "2275"]
[BlackElo "2410"]

1.e4 g6 2.d4 c6 3.Nc3 Bg7 4.f4 d5 5.e5 h5 6.g3 Nh6 7.h3 Nf5 8.Nge2 e6 9.Bg2 c5
10.dxc5 Qa5 11.Qd3 Bd7 12.Bd2 Qxc5 13.O-O-O Na6 14.a3 Qb6 15.g4 Nc5 16.Qf3 Nh4
17.Qg3 Nxg2 18.Qxg2 Bc6 19.Nd4 Nd3+ 20.cxd3 Qxd4 21.Qg3 Qb6 22.d4 Qxd4 23.Be3 Qc4
24.Rd4 Qa6 25.f5 h4 26.Qh2 O-O-O 27.Rdd1 gxf5 28.Bg5 fxg4 29.hxg4 Rdg8 30.Qf4 Re8
31.Bf6 Bxf6 32.Qxf6 h3 33.Qxf7 h2 34.Rdf1 Rhf8 35.Qh5 Rxf1+ 36.Rxf1 Rd8 37.Rh1 d4
38.Ne4 Rf8 39.Nd6+ Kb8 40.Rxh2 Qf1+ 41.Kc2 Bg2  0-1

[Event "Warsaw"]
[Site "Warsaw"]
[Date "1988.??.??"]
[Round "7"]
[White "Zielinski, Marek"]
[Black "Maciejewski, Andrzej"]
[Result "1/2-1/2"]
[WhiteElo "2395"]
[BlackElo "2410"]

1.e4 g6 2.d4 c6 3.Nc3 Bg7 4.f4 d5 5.e5 h5 6.Be3 Nh6 7.Nf3 Bg4 8.h3 Bxf3 9.Qxf3 Nf5
10.Bf2 h4 11.Bd3 e6 12.O-O Nd7 13.Ne2 Bf8 14.b3 Be7 15.c4 Kf8 16.Kh2 a5 17.cxd5 cxd5
18.Nc3 Nb8 19.Bxf5 gxf5 20.Rg1 Ke8 21.g4 hxg3+ 22.Rxg3 Nd7 23.Nb5 Rc8 24.Qd3  1/2-1/2

[Event "Athens Akropolis (Women)"]
[Site "Athens"]
[Date "1989.??.??"]
[Round "?"]
[White "Gocheva, Rumiana B"]
[Black "Petrovic, Marija"]
[Result "0-1"]
[WhiteElo "2210"]
[BlackElo "2305"]

1.e4 g6 2.d4 Bg7 3.Nc3 c6 4.a4 a5 5.Nf3 d6 6.h3 Nf6 7.Be3 O-O 8.Be2 Nbd7
9.O-O e5 10.dxe5 Nxe5 11.Nxe5 dxe5 12.Qxd8 Rxd8 13.Bc4 Bf8 14.Bg5 Rd4 15.Bxf6 Rxc4
16.Bxe5 Bb4 17.Rfd1 Be6 18.f3 f5 19.exf5 Bxf5 20.Rd2 Re8 21.f4 h5 22.Kh2 Kf7
23.Rf1 Bxc3 24.Bxc3 Rxa4 25.Be5 Re4 26.b3 a4 27.bxa4 Rxa4 28.c3 Re7 29.Rff2 Rd7
30.Rxd7+ Bxd7 31.Kg3 Be6 32.Kh4 Ra1 33.c4 Rc1 34.Rb2 Bc8 35.Rb4 Rc2 36.g4 hxg4
37.hxg4 Rg2 38.Kh3 Rg1 39.c5 Kg8 40.Rd4 Bxg4+ 41.Kh4 Kf7 42.Rb4 Bc8 43.f5 gxf5
44.Bc7 Rc1 45.Bb6 Rd1 46.Kg3 Kf6 47.Rh4 Rd3+ 48.Kf2 Be6 49.Rh8 Rd7 50.Rd8 Rh7
51.Ba5 f4 52.Kf3 Kg5 53.Rf8 Bd5+ 54.Ke2 Kg4 55.Be1 Bc4+ 56.Kd2 Re7 57.Rf6 f3
58.Rd6 Re2+  0-1

[Event "Athens op"]
[Site "Athens"]
[Date "1989.??.??"]
[Round "?"]
[White "Alexakis, Dimitrios"]
[Black "Gesos, Pavlos"]
[Result "0-1"]
[WhiteElo "2225"]
[BlackElo "2390"]

1.e4 g6 2.d4 Bg7 3.Nc3 c6 4.Be2 d5 5.exd5 cxd5 6.Nf3 Nc6 7.O-O Nh6 8.Ne5 O-O
9.Nxc6 bxc6 10.Na4 Nf5 11.c3 f6 12.Nc5 e5 13.Bg4 a5 14.Bxf5 Bxf5 15.Be3 Rb8
16.b3 g5 17.Qd2 h6 18.Rad1 e4 19.Rc1 Bc8 20.f4 exf3 21.gxf3 Bh3 22.Rfe1 Qc8
23.Qf2 Re8 24.Bd2 Qf5 25.Rxe8+ Rxe8 26.Re1 Rxe1+ 27.Bxe1 Bf8 28.Nb7 Qd3 29.Nxa5 c5
30.Nb7 cxd4 31.cxd4 Qd1 32.Nc5 Bd6 33.Qe3 Kf7 34.Nd3 Bf5 35.Nf2 Qa1 36.Ng4 Kg7
37.Qd2 Bf4 38.Qa5 Qxd4+ 39.Bf2 Qd1+ 40.Kg2 Bxg4 41.fxg4 Qxg4+ 42.Kf1 Qf3
43.Qa7+ Kg6 44.Qe7 Bxh2 45.Qe8+ Kf5 46.Qd7+ Ke4 47.Qa4+ Kd3 48.Qd4+ Kc2 49.b4 Be5  0-1

[Event "Athens Akropolis (Women)"]
[Site "Athens"]
[Date "1989.??.??"]
[Round "?"]
[White "Misanovic, Vesna"]
[Black "Petrovic, Marija"]
[Result "1-0"]
[WhiteElo "2285"]
[BlackElo "2305"]

1.e4 g6 2.d4 Bg7 3.Nc3 c6 4.f4 d5 5.e5 h5 6.Nf3 Bg4 7.h3 Bxf3 8.Qxf3 e6 9.Be3 h4
10.Bd3 Nh6 11.O-O Nd7 12.Ne2 Bf8 13.b3 Nf5 14.Bf2 Nb6 15.Rfd1 Be7 16.c4 Qd7
17.Rac1 Kf8 18.Kh2 Rc8 19.c5 Na8 20.b4 Nc7 21.a4 a6 22.Rb1 Ra8 23.Rb3 Kg7
24.Nc3 Rhb8 25.b5 axb5 26.axb5 cxb5 27.Nxb5 Nxb5 28.Bxb5 Qc7 29.Bd3 b6 30.Bxf5 gxf5
31.Qh5 bxc5 32.Rxb8 Rxb8 33.Bxh4 c4 34.Bf6+ Bxf6 35.exf6+  1-0

[Event "AUT-ch"]
[Site "?"]
[Date "1989.??.??"]
[Round "12"]
[White "Lendwai, Reinhard"]
[Black "Fauland, Alexander"]
[Result "0-1"]
[WhiteElo "2340"]
[BlackElo "2450"]

1.e4 g6 2.d4 Bg7 3.Nc3 c6 4.Be3 d5 5.e5 f6 6.f4 Nh6 7.Qd2 Ng4 8.O-O-O Bh6
9.g3 fxe5 10.dxe5 Nxe3 11.Qxe3 Qb6 12.Qd2 Nd7 13.Nf3 Nc5 14.Bg2 Bd7 15.Nd4 O-O-O
16.a3 Bg4 17.Bf3 Bxf3 18.Nxf3 Ne6 19.h4 Rdf8 20.Ng5 Ng7 21.Na4 Qb5 22.Nc3 Qb6
23.Na4 Qb5 24.Nc3 Qa5 25.Kb1 Nf5 26.Rh3 Qb6 27.g4 Bxg5 28.hxg5 Ng7 29.Rdh1 Ne6
30.Rxh7 Rxh7 31.Rxh7 Rxf4 32.Rxe7 Rf1+ 33.Ka2 Qg1 34.Rxe6 Ra1+ 35.Kb3 Qxg4
36.Re8+ Kd7 37.Nxd5 cxd5 38.Qxd5+ Kxe8 39.Qg8+ Ke7 40.Qg7+ Ke6 41.Qxg6+ Kxe5
42.Qg7+ Kf4 43.Qc7+ Kxg5 44.Qxb7 Qe6+ 45.Kb4 Qb6+ 46.Qxb6 axb6 47.Kb5 Ra2
48.b4 Kf6 49.Kxb6 Ke7 50.c4 Kd8  0-1

[Event "Bad Mergentheim op"]
[Site "Bad Mergentheim"]
[Date "1989.??.??"]
[Round "?"]
[White "Kersten, Uwe"]
[Black "Schneider, B."]
[Result "0-1"]
[WhiteElo "2215"]
[BlackElo "2475"]

1.e4 g6 2.d4 Bg7 3.Nc3 c6 4.f4 d5 5.e5 h5 6.Nf3 Nh6 7.Be3 Bg4 8.Bf2 Nf5 9.h3 Bxf3
10.Qxf3 h4 11.O-O-O e6 12.Bd3 Nd7 13.Bxf5 exf5 14.Ne2 Nf8 15.g4 hxg3 16.Nxg3 Ne6
17.h4 Nxf4 18.Kb1 Ne6 19.c4 Qd7 20.Ne2 O-O-O 21.Qa3 Kb8 22.Nc3 f6 23.cxd5 cxd5
24.exf6 Bxf6 25.Qb3 g5 26.hxg5 Rxh1 27.Rxh1 Bxd4 28.Bxd4 Nxd4 29.Qb4 Ne6
30.g6 d4 31.Rh7 Qc6 32.Nd1 Qe4+ 33.Ka1 Rc8 34.Qd2 Qf4 35.Qxf4+ Nxf4 36.Kb1 Nxg6
37.Rd7 Nf4 38.Nf2 Ne2 39.a3 Rc1+ 40.Ka2 Rf1 41.Nd3 Rd1 42.Nf2 Rd2 43.Kb1 Nf4  0-1

[Event "Belgrade op"]
[Site "Belgrade"]
[Date "1989.??.??"]
[Round "2"]
[White "Sermek, Drazen"]
[Black "Grigorov, Jordan N"]
[Result "1-0"]
[WhiteElo "2320"]
[BlackElo "2380"]

1.e4 g6 2.d4 Bg7 3.Nc3 c6 4.Bc4 e6 5.e5 d5 6.exd6 Qxd6 7.Nf3 Nf6 8.O-O O-O
9.Bg5 Nbd7 10.a4 a5 11.Re1 Nb6 12.Bxf6 Bxf6 13.Ne4 Qd8 14.Nxf6+ Qxf6 15.Bb3 Nd7
16.Qe2 c5 17.Rad1 cxd4 18.Qb5 Qf5 19.Bc4 e5 20.Bd3 Qh5 21.Nxe5 Nxe5 22.Qxe5 Qxe5
23.Rxe5 Bd7 24.b3 Bc6 25.Bc4 Rfe8 26.Rxe8+ Rxe8 27.f3 Kg7 28.Rxd4 Re1+ 29.Kf2 Rc1
30.Bd3 f5 31.Rd8 h5 32.h4 Rh1 33.Kg3 Kf6 34.Rd6+ Kf7 35.Bc4+ Kg7 36.Kf4 Rh2
37.Kg3 Rh1 38.Bb5 Bxb5 39.axb5 Rc1 40.c4 a4 41.bxa4 Rxc4 42.a5 Ra4 43.Rb6 f4+
44.Kh2 Rxa5 45.Rxb7+ Kf6 46.Rb6+ Kg7 47.Rb7+ Kf6 48.Rb8 Kg7 49.b6 Rb5 50.Kg1 Rb1+
51.Kf2 Rb2+ 52.Kf1 Kh7 53.b7 Kg7 54.Ke1 Kh7 55.Kd1 Kg7 56.Kc1 Rb6 57.Kc2 Rb5
58.Kc3 Rb6 59.Kd4 Rb1 60.Ke5 Rb4 61.Kd6 Rb1 62.Re8 Rxb7 63.Re7+ Rxe7 64.Kxe7 g5
65.Ke6 Kg6 66.Ke5 gxh4 67.Kxf4 Kf6 68.Ke4 Kg5 69.f4+ Kg4 70.f5 Kg3 71.f6 Kxg2
72.f7 h3 73.f8=Q h2 74.Qf3+ Kg1 75.Qg3+  1-0

[Event "Belgrade op"]
[Site "Belgrade"]
[Date "1989.??.??"]
[Round "7"]
[White "Nikolin, Zorica"]
[Black "Simic, Milan"]
[Result "1/2-1/2"]
[WhiteElo "2225"]
[BlackElo "2210"]

1.e4 g6 2.d4 Bg7 3.Nc3 c6 4.Bc4 d5 5.exd5 b5 6.Bb3 b4 7.Na4 cxd5 8.a3 bxa3
9.Rxa3 Nf6 10.Nf3 O-O 11.O-O Nc6 12.Ne5 Na5 13.Nc5 Nxb3 14.Nxb3 Ne4 15.f3 Nd6
16.Nc5 Nc4 17.Nxc4 dxc4 18.c3 Qd5 19.Be3 Rd8 20.Qe2 e5 21.dxe5 Qxe5 22.Qf2 Qd5
23.Na6 Qd6 24.Bc5 Qd7 25.Nb4 a6 26.Bb6 Re8 27.Qc5  1/2-1/2

[Event "Belgrade op"]
[Site "Belgrade"]
[Date "1989.??.??"]
[Round "8"]
[White "Ziatdinov, Raset"]
[Black "Simic, Milan"]
[Result "1-0"]
[WhiteElo "2355"]
[BlackElo "2210"]

1.e4 g6 2.d4 Bg7 3.Nc3 c6 4.Nf3 d5 5.h3 dxe4 6.Nxe4 Nd7 7.Bd3 Ngf6 8.O-O O-O
9.Nxf6+ Nxf6 10.Bf4 Qb6 11.Qc1 c5 12.dxc5 Qxc5 13.Re1 Nd5 14.Bh6 Nb4 15.Bxg7 Kxg7
16.Re5 Nxd3 17.cxd3 Qxc1+ 18.Rxc1 e6 19.Rc7 Rd8 20.Ng5 Bd7 21.Rxb7 Rab8 22.Rxb8 Rxb8
23.Ra5 Rb7 24.Ne4 Bc6 25.Nd6 Rd7 26.Nc4 Bd5 27.Kf1 f6 28.Ne3 Ba8 29.Ke2 h5
30.g3 Kf7 31.h4 Ke7 32.f4 Bc6 33.Rc5 Bb7 34.b4 Ba6 35.b5 Bb7 36.Nc4 Bg2 37.a4 Bh3
38.Na5 Bf5 39.Nc6+ Kd6 40.d4 Be4 41.Ke3 Bd5 42.Nb4 Bg2 43.Nd3 Bd5 44.Rc3 Rg7
45.Nb4 Bb7 46.a5 g5 47.fxg5 fxg5 48.a6 Bh1 49.Rc1 Bg2 50.Kf2 Be4 51.Rc5 gxh4
52.gxh4 Rf7+ 53.Ke3 Bg2 54.Nd3 Rf3+ 55.Ke2 Rf8 56.Kd2 Bd5 57.Nb4 Rf4 58.Ke3 Re4+
59.Kf3 Rxh4+ 60.Nxd5 exd5 61.b6 axb6 62.Ra5 bxa5 63.a7 Rh3+ 64.Ke2 Rh2+ 65.Kf3 Rh3+
66.Kg2 Rh4 67.a8=Q Rxd4 68.Qxa5 Re4 69.Qd8+ Ke6 70.Qe8+ Kd6 71.Qxh5 Ke6 72.Kf3 Kd6
73.Qf7 Ke5 74.Qe7+ Kd4 75.Qc7 Re3+ 76.Kf4 Re4+ 77.Kf5 Re3 78.Qb6+ Kd3 79.Qb3+ Kd4
80.Qd1+ Rd3 81.Qg1+ Kc3 82.Ke5 Kc2 83.Qc5+ Kd2 84.Qa5+ Kd1 85.Qa2 Ke1 86.Qc2 Rd2
87.Qc1+ Ke2 88.Qg1 Rd3 89.Qg2+ Ke1 90.Kf4 Kd1 91.Qf2 Kc1 92.Qe2 Rd2 93.Qe1+ Kc2
94.Qa1 Rd3 95.Qg1 Kd2 96.Qf2+ Kc1 97.Qe2 Rd2 98.Qb5 Kd1 99.Ke3 d4+ 100.Ke4 Kc1
101.Qb3 Rd1 102.Kd5 Rd2 103.Ke5 Rd1 104.Ke4 Rd2 105.Kf3 Rd1 106.Ke2 d3+ 107.Ke3 Re1+
108.Kd4 Re2 109.Qa3+ Kd2 110.Qxd3+ Ke1 111.Qg3+ Kf1 112.Qh3+ Kg1 113.Kd3 Rf2
114.Qg4+ Rg2 115.Qd1+ Kh2 116.Ke3 Rg3+ 117.Kf4 Rg2 118.Qe1 Rg8 119.Qf2+ Kh1
120.Qc5 Kh2 121.Qh5+ Kg1 122.Qd5 Rg2 123.Kf3 Kh2 124.Qh5+ Kg1 125.Qh4 Rg8
126.Qe1+ Kh2 127.Qe5+ Kg1 128.Qa1+  1-0

[Event "Benidorm op"]
[Site "Benidorm"]
[Date "1989.??.??"]
[Round "?"]
[White "Lane, Gary W"]
[Black "Vasallo, Mauricio"]
[Result "0-1"]
[WhiteElo "2405"]
[BlackElo "2290"]

1.e4 g6 2.d4 Bg7 3.Nc3 c6 4.Bc4 d6 5.Qf3 e6 6.Nge2 Nd7 7.O-O Ngf6 8.Bb3 e5
9.h3 O-O 10.Be3 Qe7 11.Ng3 h5 12.Rfe1 h4 13.Nge2 Nh5 14.Rad1 a6 15.a4 exd4
16.Nxd4 Ne5 17.Qe2 Qf6 18.Qd2 c5 19.Nd5 Qd8 20.Bg5 Nf6 21.f4 cxd4 22.fxe5 dxe5
23.Bxh4 Qd6 24.c3 Nxd5 25.Bxd5 Be6 26.cxd4 exd4 27.Bxe6 Qxe6 28.e5 Bxe5 29.Qg5 f5
30.Qh6 Rae8 31.Kh1 Qd6 32.Bg5 Bg7 33.Qh4 Qc6 34.Be7 Bf6 35.Bxf6 Qxf6 36.Qg3 Kg7
37.Qb3 Rxe1+ 38.Rxe1 Rf7 39.Re6  0-1